000069580 001__ 69580
000069580 005__ 20180322143021.0
000069580 037__ $$aTAZ-TFG-2017-4699
000069580 041__ $$aspa
000069580 1001_ $$aGonzález de Audicana Zaragozano, Celia
000069580 24200 $$aStudy of emotions through sports games on children of primary education
000069580 24500 $$aEstudio de las emociones a través de los juegos deportivos en niños y niñas de educación primaria
000069580 260__ $$aZaragoza$$bUniversidad de Zaragoza$$c2017
000069580 506__ $$aby-nc-sa$$bCreative Commons$$c3.0$$uhttp://creativecommons.org/licenses/by-nc-sa/3.0/
000069580 520__ $$aEl objetivo del presente estudio radica en analizar y evaluar las emociones producidas en los niños y niñas de cuarto curso de Educación Primaria en diferentes juegos deportivos clasificados en tres dominios de acción motriz: psicomotor, cooperación y oposición interindividual.
000069580 521__ $$aGraduado en Magisterio en Educación Primaria
000069580 540__ $$aDerechos regulados por licencia Creative Commons
000069580 700__ $$aFounaud Cabeza, María Pilar$$edir.
000069580 7102_ $$aUniversidad de Zaragoza$$bExpresión Musical, Plástica y Corporal$$cDidáctica de la Expresión Corporal
000069580 8560_ $$f680607@celes.unizar.es
000069580 8564_ $$s996180$$uhttps://zaguan.unizar.es/record/69580/files/TAZ-TFG-2017-4699.pdf$$yMemoria (spa)
000069580 909CO $$ooai:zaguan.unizar.es:69580$$pdriver$$ptrabajos-fin-grado
000069580 950__ $$a
000069580 951__ $$adeposita:2018-03-21
000069580 980__ $$aTAZ$$bTFG$$cFEDU